| 000 | 00633nam a2200229Ia 4500 | ||
|---|---|---|---|
| 003 | OSt | ||
| 005 | 20230413105041.0 | ||
| 008 | 210423s2009 xx 000 0 und d | ||
| 020 | _a9788178299150 | ||
| 040 | _cAL | ||
| 041 | _aeng | ||
| 082 |
_a338.83 BOEK _223 |
||
| 100 |
_aBOEH (Kevin K);BEAMISH (Paul W) _987689 |
||
| 245 | _aMergers and acquisitions: texts and cases | ||
| 260 |
_aLos Angeles _bSage Publications _c2009 |
||
| 300 |
_axv,444 _bPB |
||
| 365 |
_b495 _cINR |
||
| 650 |
_aEconomics _987690 |
||
| 650 |
_aMergers & Acquisitions _987691 |
||
| 906 | _aacquisitions: ; cases ; Mergers ; texts | ||
| 942 |
_2ddc _cBK |
||
| 999 |
_c159179 _d159179 |
||